MARC-Details
| 000 -LEADER |
| fixed length control field |
02957pam a2200697 cb4500 |
| 001 - CONTROL NUMBER |
| control field |
1130269183 |
| 003 - CONTROL NUMBER IDENTIFIER |
| control field |
DE-101 |
| 005 - DATE AND TIME OF LATEST TRANSACTION |
| control field |
20250527123757.0 |
| 007 - PHYSICAL DESCRIPTION FIXED FIELD--GENERAL INFORMATION |
| fixed length control field |
tu |
| 008 - FIXED-LENGTH DATA ELEMENTS--GENERAL INFORMATION |
| fixed length control field |
170419s2017 gw ||||| |||| 00||||ger |
| 015 ## - NATIONAL BIBLIOGRAPHY NUMBER |
| National bibliography number |
17,A51 |
| Canceled/invalid national bibliography number |
17,N17 |
| Source |
dnb |
| 016 7# - NATIONAL BIBLIOGRAPHIC AGENCY CONTROL NUMBER |
| Source |
DE-101 |
| Record control number |
1130269183 |
| 020 ## - INTERNATIONAL STANDARD BOOK NUMBER |
| International Standard Book Number |
9783551794697 |
| Terms of availability |
Broschur : EUR 6.99 (DE), EUR 7.20 (AT), CHF 10.50 (freier Preis) |
| 020 ## - INTERNATIONAL STANDARD BOOK NUMBER |
| International Standard Book Number |
3551794693 |
| 024 3# - OTHER STANDARD IDENTIFIER |
| Standard number or code |
9783551794697 |
| 035 ## - SYSTEM CONTROL NUMBER |
| System control number |
(DE-599)DNB1130269183 |
| 035 ## - SYSTEM CONTROL NUMBER |
| System control number |
(OCoLC)1005219350 |
| 035 ## - SYSTEM CONTROL NUMBER |
| System control number |
(OCoLC)984753818 |
| 040 ## - CATALOGING SOURCE |
| Original cataloging agency |
1245 |
| Language of cataloging |
ger |
| Transcribing agency |
DE-101 |
| Modifying agency |
9999 |
| Description conventions |
rda |
| 041 ## - LANGUAGE CODE |
| Language code of text/sound track or separate title |
ger |
| Language code of original |
jpn |
| 044 ## - COUNTRY OF PUBLISHING/PRODUCING ENTITY CODE |
| ISO country code |
XA-DE-HH |
| 082 74 - DEWEY DECIMAL CLASSIFICATION NUMBER |
| Classification number |
741.5 |
| Assigning agency |
DE-101 |
| Edition number |
23sdnb |
| 100 1# - MAIN ENTRY--PERSONAL NAME |
| Authority record control number or standard number |
(DE-588)113068962X |
| -- |
https://d-nb.info/gnd/113068962X |
| -- |
(DE-101)113068962X |
| Personal name |
Horikoshi, Kōhei |
| Dates associated with a name |
1986- |
| Relator term |
Verfasser |
| Relationship |
aut |
| Relator term |
Künstler |
| Relationship |
art |
| Source of heading or term |
gnd |
| 240 10 - UNIFORM TITLE |
| Uniform title |
Yaoyoruzu: raijingu |
| 245 10 - TITLE STATEMENT |
| Title |
My Hero Academia 8 |
| Statement of responsibility, etc. |
Kohei Horikoshi ; aus dem Japanischen von Gandalf Bartholomäus |
| 250 ## - EDITION STATEMENT |
| Edition statement |
1. Aufl. |
| 264 #1 - PRODUCTION, PUBLICATION, DISTRIBUTION, MANUFACTURE, AND COPYRIGHT NOTICE |
| Place of production, publication, distribution, manufacture |
Hamburg |
| Name of producer, publisher, distributor, manufacturer |
Carlsen Verlag GmbH |
| Date of production, publication, distribution, manufacture, or copyright notice |
[2017] |
| 300 ## - PHYSICAL DESCRIPTION |
| Extent |
182 Seiten |
| Dimensions |
18 cm |
| 336 ## - CONTENT TYPE |
| Content type term |
Text |
| Content type code |
txt |
| Source |
rdacontent |
| 336 ## - CONTENT TYPE |
| Content type term |
unbewegtes Bild |
| Content type code |
sti |
| Source |
rdacontent |
| 337 ## - MEDIA TYPE |
| Media type term |
ohne Hilfsmittel zu benutzen |
| Media type code |
n |
| Source |
rdamedia |
| 338 ## - CARRIER TYPE |
| Carrier type term |
Band |
| Carrier type code |
nc |
| Source |
rdacarrier |
| 490 1# - SERIES STATEMENT |
| Series statement |
My hero academia / Kohei Horikoshi |
| Volume/sequential designation |
Vol. 8 |
| 490 0# - SERIES STATEMENT |
| Series statement |
Carlsen Manga! |
| 490 0# - SERIES STATEMENT |
| Series statement |
Action |
| 653 ## - INDEX TERM--UNCONTROLLED |
| Uncontrolled term |
(Produktform)Paperback / softback |
| 653 ## - INDEX TERM--UNCONTROLLED |
| Uncontrolled term |
(Zielgruppe)ab 10 bis 88 Jahre |
| 653 ## - INDEX TERM--UNCONTROLLED |
| Uncontrolled term |
(BISAC Subject Heading)CGN004050 |
| 653 ## - INDEX TERM--UNCONTROLLED |
| Uncontrolled term |
Spannung |
| 653 ## - INDEX TERM--UNCONTROLLED |
| Uncontrolled term |
Action |
| 653 ## - INDEX TERM--UNCONTROLLED |
| Uncontrolled term |
Helden |
| 653 ## - INDEX TERM--UNCONTROLLED |
| Uncontrolled term |
Superhelden |
| 653 ## - INDEX TERM--UNCONTROLLED |
| Uncontrolled term |
Superheld |
| 653 ## - INDEX TERM--UNCONTROLLED |
| Uncontrolled term |
Militärakademie |
| 653 ## - INDEX TERM--UNCONTROLLED |
| Uncontrolled term |
Heldenakademie |
| 653 ## - INDEX TERM--UNCONTROLLED |
| Uncontrolled term |
All Might |
| 653 ## - INDEX TERM--UNCONTROLLED |
| Uncontrolled term |
Japanische Leserichtung |
| 653 ## - INDEX TERM--UNCONTROLLED |
| Uncontrolled term |
(BISAC Subject Heading)CGN004050: COMICS & GRAPHIC NOVELS / Manga / General |
| 653 ## - INDEX TERM--UNCONTROLLED |
| Uncontrolled term |
(VLB-WN)1182: Hardcover, Softcover / Belletristik/Comic, Cartoon, Humor, Satire/Manga, Manhwa |
| 655 #7 - INDEX TERM--GENRE/FORM |
| Authority record control number or standard number |
(DE-588)4010427-8 |
| -- |
https://d-nb.info/gnd/4010427-8 |
| -- |
(DE-101)040104273 |
| Genre/form data or focus term |
Comic |
| Source of term |
gnd-content |
| 700 1# - ADDED ENTRY--PERSONAL NAME |
| Field link and sequence number |
1\p |
| Authority record control number or standard number |
(DE-588)120402765X |
| -- |
https://d-nb.info/gnd/120402765X |
| -- |
(DE-101)120402765X |
| Personal name |
Bartholomäus, Gandalf |
| Relator term |
Übersetzer |
| Relationship |
trl |
| Source of heading or term |
gnd |
| 710 2# - ADDED ENTRY--CORPORATE NAME |
| Field link and sequence number |
2\p |
| Authority record control number or standard number |
(DE-588)2036434-9 |
| -- |
https://d-nb.info/gnd/2036434-9 |
| -- |
(DE-101)00492004X |
| Corporate name or jurisdiction name as entry element |
Carlsen Verlag |
| Relator term |
Verlag |
| Relationship |
pbl |
| Source of heading or term |
gnd |
| 776 08 - ADDITIONAL PHYSICAL FORM ENTRY |
| Relationship information |
Elektronische Reproduktion |
| International Standard Book Number |
9783646708066 |
| 800 1# - SERIES ADDED ENTRY--PERSONAL NAME |
| Personal name |
Horikoshi, Kōhei |
| Dates associated with a name |
1986- |
| Relationship |
aut |
| Title of a work |
My hero academia |
| Volume/sequential designation |
Vol. 8 |
| Bibliographic record control number |
(DE-101)113068976X |
| 9 (RLIN) |
18 |
| Control subfield |
am |
| 856 42 - ELECTRONIC LOCATION AND ACCESS |
| Contact for access assistance |
X:MVB |
| Electronic format type |
text/html |
| Uniform Resource Identifier |
<a href="http://deposit.dnb.de/cgi-bin/dokserv?id=063f75c0d6ac4bffac599eb4b54cb43f&prov=M&dok_var=1&dok_ext=htm">http://deposit.dnb.de/cgi-bin/dokserv?id=063f75c0d6ac4bffac599eb4b54cb43f&prov=M&dok_var=1&dok_ext=htm</a> |
| Materials specified |
Inhaltstext |
| 856 42 - ELECTRONIC LOCATION AND ACCESS |
| Contact for access assistance |
B:DE-101 |
| Electronic format type |
application/pdf |
| Uniform Resource Identifier |
<a href="https://d-nb.info/1130269183/04">https://d-nb.info/1130269183/04</a> |
| Materials specified |
Inhaltsverzeichnis |
| 883 ## - METADATA PROVENANCE |
| Field link and sequence number |
1\p |
| Creation process |
cgwrk |
| Creation date |
20230210 |
| Assigning or generating agency |
DE-101 |
| Uniform Resource Identifier |
https://d-nb.info/provenance/plan#cgwrk |
| 883 1# - METADATA PROVENANCE |
| Field link and sequence number |
2\p |
| Creation process |
adb |
| Creation date |
20211003 |
| Assigning or generating agency |
DE-101 |
| Uniform Resource Identifier |
https://d-nb.info/provenance/plan#adb |
| 942 ## - ADDED ENTRY ELEMENTS (KOHA) |
| Source of classification or shelving scheme |
Dewey Decimal Classification |
| Koha item type |
Manga |
| Suppress in OPAC |
No |